[Event "Basingstoke Spring Bank op U1825"]
[Site "Basingstoke"]
[Date "2018.05.26"]
[Round "2.21"]
[White "O'Gorman, Brendan"]
[Black "Stephens, Robert Wynn"]
[Result "1-0"]
[WhiteElo "1537"]
[BlackElo "1802"]
[PlyCount "51"]
[EventDate "2018.05.25"]
[EventType "swiss"]
[EventRounds "7"]
[EventCountry "ENG"]
[SourceTitle "EXT 2023"]
[Source "ChessBase"]
[SourceDate "2022.10.05"]
[SourceVersion "1"]
[SourceVersionDate "2022.10.05"]
[SourceQuality "1"]

1. e4 g6 2. d4 Bg7 3. Nf3 d6 4. Nc3 Nd7 5. Bg5 c5 6. Bb5 a6 7. Bxd7+ Bxd7 8. dxc5 dxc5 9. 0-0 h6 10. Be3 b6 11. Qd2 Bg4 12. Rfd1 Qxd2 13. Rxd2 Bxf3 14. gxf3 Bxc3 15. bxc3 Nf6 16. Rad1 g5 17. e5 Nh5 18. Rd7 f5 19. Rb7 f4 20. Bc1 b5 21. Rdd7 Rh7 22. Ba3 Rc8 23. e6 Nf6 24. Bxc5 Rd8 25. Rxe7+ Rxe7 26. Rxe7+ 1-0